| 000 | 00738nam a22002417a 4500 | ||
|---|---|---|---|
| 999 |
_c6028 _d6028 |
||
| 003 | AR-CdUCM | ||
| 008 | 190313b ||||| |||| 00| 0 spa d | ||
| 020 | _a84-233-0626-7 | ||
| 040 |
_aMUNICIPALIDAD PROVINCIAL DEL CUSCO _cBIBLIOTECA MUNICIPAL DEL CUSCO |
||
| 082 |
_24ed. _a868.6 / _bT73 |
||
| 100 |
_aTorrente Ballester, Gonzalo _9516 |
||
| 245 |
_aLa saga : _bfuga de J.B / |
||
| 260 |
_aBarcelona : _bDestino Ancora y Delfín, _c1976. |
||
| 300 |
_a584 paginas ; _c19 cm. |
||
| 440 |
_aÁncora y delfín _n388 _917608 |
||
| 500 | _aDonación de la familia Nieto | ||
| 505 | _aNovela | ||
| 650 |
_aNovelas españolas _9584 |
||
| 650 |
_aSiglo XX. _98 |
||
| 650 |
_aCiudad imaginaria _917609 |
||
| 942 |
_2ddc _cLIBROS |
||
| 945 | _aacv | ||